000 00638cam a22002174a 4500
020 _a9780078034770 (alk. paper)
020 _a0078034779 (alk. paper)
040 _cDLC
082 0 0 _a658 MCG 2013 A116 Or.
100 1 _aRoss, Stephen A.
245 1 0 _aCorporate finance /
250 _a10th ed.
260 _aNew York, NY :
_bMcGraw-Hill/Irwin,
_cc2013.
300 _axxxvi, 1030 p. :
_bill. ;
_c26 cm.
490 0 _aThe McGraw-Hill/Irwin series in finance, insurance and real estate
500 _aIncludes index.
650 0 _aCorporations
700 1 _aWesterfield, Randolph.
700 1 _aJaffe, Jeffrey F.,
942 _cAEDBB
999 _c17493
_d17493